| 000 | 00353 a2200157 4500 | ||
|---|---|---|---|
| 001 | 161598 | ||
| 020 | _a | ||
| 040 | _cMagnum | ||
| 100 | _aTerra, Ernani | ||
| 240 | 1 | 0 |
_aGramatica e literatura para o 2º grau _lpor |
| 245 | 1 | 0 | _aGramatica e literatura para o 2º grau |
| 362 | 0 | _a1899 | |
| 440 | 1 | _aScipione | |
| 697 | _aGRAMATICA | ||
| 942 | _cBK | ||
| 999 |
_c161598 _d161598 |
||